000 00636nam a22002051c 4500
001 00029644976
008 051003s1971 gw |||| 000u ger d
020 _a3770002741
_93-7700-0274-1
041 _ager
100 1 _aRöhl, John C. G.
245 0 0 _aZwei deutsche Fürsten zur Kriegsschuldfrage :
_bLichnowsky und Eulenburg und der Ausbruch des Ersten Weltkriegs ; eine /
_cvon John C. G. Röhl
264 _aDüsseldorf :
_bDroste,
_c1971
300 _a80 S.
600 0 _aEulenburg und Hertefeld, Philipp zu
650 0 _aWeltkrieg <1914-1918>
650 0 _aSchuld
942 _cMG
040 _cRU-10907106
003 RU-10907106
999 _c9918
_d9918